[Event "4NCL/Div3/WGR3 vs. SWD2"]
[Site "West Bromwich ENG"]
[Date "2004.05.29"]
[Round "7.8"]
[White "Wilson, Julie"]
[Black "Kikoyo, Ali"]
[Result "1/2-1/2"]
[WhiteElo "1720"]
[BlackElo "1768"]
[PlyCount "65"]
[EventDate "2004.05.29"]

1. d4 d5 2. c4 dxc4 3. Nf3 Nd7 4. Nc3 Nb6 5. e4 c6 6. Be3 Bg4 7. h3 Bxf3 8.
Qxf3 Nf6 9. Be2 e6 10. O-O Be7 11. Qg3 O-O 12. e5 Ne8 13. Ne4 Rb8 14. Rab1 f5
15. Nc5 Nc7 16. Bh6 g6 17. Bxf8 Qxf8 18. Rfc1 Bxc5 19. dxc5 Qxc5 20. Rc2 Nb5
21. b4 Qe7 22. Bxc4 Nd4 23. Rd2 Nf3+ 24. Qxf3 Nxc4 25. Re2 Rd8 26. Qc3 b5 27.
a3 Rd5 28. Ree1 Qd8 29. Rbc1 Rd3 30. Qa1 Kf7 31. Rcd1 Nd2 32. Qc1 Qd5 33. Qc2
1/2-1/2

[Event "4NCL/Div3/AD2 vs. HKF1"]
[Site "West Bromwich ENG"]
[Date "2004.05.29"]
[Round "7.1"]
[White "Wallace, Paul"]
[Black "Hebden, Mark L"]
[Result "0-1"]
[WhiteElo "2166"]
[BlackElo "2544"]
[PlyCount "82"]
[EventDate "2004.05.29"]

1. e4 e5 2. Nf3 Nc6 3. Bb5 a6 4. Ba4 Nf6 5. O-O Be7 6. Qe2 b5 7. Bb3 O-O 8. d3
d6 9. c3 Na5 10. Bc2 c5 11. Re1 Re8 12. Nbd2 g6 13. Nf1 Nh5 14. h3 Bf8 15. Bg5
f6 16. Bd2 Be6 17. N3h2 d5 18. Qf3 c4 19. g4 Ng7 20. Ne3 cxd3 21. Bxd3 Nc4 22.
Bxc4 dxc4 23. Rad1 Qe7 24. Nd5 Bxd5 25. exd5 Rad8 26. Bh6 e4 27. Qe2 Qf7 28.
Qd2 Re5 29. Qf4 g5 30. Qe3 Rdxd5 31. Rxd5 Qxd5 32. Bxg7 Bc5 33. Qe2 Kxg7 34.
Nf1 Qd3 35. Ne3 Bxe3 36. Qxe3 Qxe3 37. Rxe3 f5 38. gxf5 Kf6 39. f3 exf3 40.
Rxf3 Re1+ 41. Kg2 Re2+ 0-1

[Event "4NCL/Div3/AD2 vs. HKF1"]
[Site "West Bromwich ENG"]
[Date "2004.05.29"]
[Round "7.2"]
[White "Apicella, Manuel"]
[Black "Wheeler, Darren P"]
[Result "1-0"]
[WhiteElo "2539"]
[BlackElo "2243"]
[PlyCount "81"]
[EventDate "2004.05.29"]

1. e4 e6 2. d4 d5 3. Nc3 Bb4 4. e5 c5 5. a3 Bxc3+ 6. bxc3 Ne7 7. Qg4 Qc7 8. Bd3
Nd7 9. Qxg7 Rg8 10. Qxh7 cxd4 11. Ne2 dxc3 12. Bf4 Nf8 13. Qh5 Bd7 14. O-O Nfg6
15. Bg3 O-O-O 16. Rab1 Kb8 17. Rb3 Ba4 18. Rb4 Bc6 19. Nd4 a5 20. Rbb1 Ka8 21.
Qe2 Rh8 22. Bb5 Rb8 23. Qe3 Nf5 24. Nxf5 exf5 25. f4 Ne7 26. Bf2 b6 27. Qxc3
Rh6 28. Bd4 Qd8 29. Be2 Nc8 30. Rf3 Na7 31. Qe3 Ba4 32. Bd3 Rc6 33. Rf2 Rb7 34.
c3 b5 35. Rfb2 Qd7 36. Bxa7 Rxa7 37. Bxb5 Bxb5 38. Rxb5 Rc8 39. c4 Qc6 40. cxd5
Qc7 41. d6 1-0

[Event "4NCL/Div3/AD2 vs. HKF1"]
[Site "West Bromwich ENG"]
[Date "2004.05.29"]
[Round "7.3"]
[White "Mangwengwende, John"]
[Black "Berzinsh, Roland"]
[Result "0-1"]
[WhiteElo "2140"]
[BlackElo "2456"]
[PlyCount "66"]
[EventDate "2004.05.29"]

1. e4 e5 2. Nf3 Nc6 3. Bb5 a6 4. Ba4 Nf6 5. O-O Be7 6. Re1 b5 7. Bb3 O-O 8. c3
d5 9. exd5 Nxd5 10. Nxe5 Nxe5 11. Rxe5 c6 12. d4 Bd6 13. Re1 Qh4 14. g3 Qh3 15.
Be3 Bg4 16. Qd3 Rae8 17. Nd2 f5 18. Qf1 Qh5 19. f4 Kh8 20. Bxd5 cxd5 21. a4
bxa4 22. Qxa6 Re6 23. Qf1 Rfe8 24. Qf2 R8e7 25. Nf1 Qe8 26. Qg2 Rxe3 27. Rxe3
Rxe3 28. Nxe3 Qxe3+ 29. Qf2 Qd3 30. Qe1 Be2 31. Rxa4 Qe3+ 32. Qf2 Qc1+ 33. Kg2
Bf1+ 0-1

[Event "4NCL/Div3/AD2 vs. HKF1"]
[Site "West Bromwich ENG"]
[Date "2004.05.29"]
[Round "7.4"]
[White "Greet, Andrew N"]
[Black "Spanton, Timothy"]
[Result "1-0"]
[WhiteElo "2319"]
[BlackElo "2014"]
[PlyCount "55"]
[EventDate "2004.05.29"]

1. d4 d5 2. c4 Nc6 3. Nc3 dxc4 4. Nf3 Nf6 5. e4 Bg4 6. Be3 e6 7. Bxc4 Bb4 8.
Qd3 Qe7 9. Bb5 Rd8 10. Ne5 Qd6 11. Nc4 Qe7 12. Ne5 Qd6 13. Nc4 Qe7 14. Bg5 h6
15. Bh4 g5 16. Bg3 O-O 17. Bxc6 bxc6 18. Ne5 Qe8 19. Qc4 c5 20. dxc5 Bxc3+ 21.
bxc3 Bh5 22. Rb1 Nxe4 23. Qxe4 f6 24. O-O fxe5 25. Rb7 Rf7 26. Bxe5 Qf8 27. g4
Rf4 28. Bxf4 1-0

[Event "4NCL/Div3/AD2 vs. HKF1"]
[Site "West Bromwich ENG"]
[Date "2004.05.29"]
[Round "7.5"]
[White "Graham, Nick"]
[Black "Nguyen, Chi-Minh"]
[Result "1/2-1/2"]
[WhiteElo "1840"]
[BlackElo "2364"]
[PlyCount "91"]
[EventDate "2004.05.29"]

1. d4 e6 2. Nf3 Nf6 3. Bf4 c5 4. c3 Nc6 5. e3 d5 6. Bd3 Qb6 7. b3 Bd7 8. O-O
Be7 9. Ne5 Rd8 10. Nd2 cxd4 11. cxd4 Nb4 12. Nxd7 Nxd7 13. Bb1 Nc6 14. Nf3 h6
15. Ne5 Ndxe5 16. dxe5 Ba3 17. Qe2 Nb4 18. Rd1 Qa6 19. Bd3 Nxd3 20. Qxd3 Qxd3
21. Rxd3 Rc8 22. Rad1 Be7 23. h3 O-O 24. a4 Rc7 25. g4 Rfc8 26. Kg2 Kf8 27. Kf3
Rc2 28. Bg3 Rc1 29. Rxc1 Rxc1 30. e4 dxe4+ 31. Kxe4 Ke8 32. f4 a6 33. Bf2 Bc5
34. Bxc5 Rxc5 35. f5 exf5+ 36. gxf5 Rc6 37. h4 Rb6 38. Kd5 Rb4 39. e6 fxe6+ 40.
fxe6 Rxh4 41. Rc3 Kd8 42. Rf3 Rb4 43. Rf8+ Ke7 44. Rf7+ Ke8 45. Rxg7 Rxb3 46.
Rh7 1/2-1/2

[Event "4NCL/Div3/AD2 vs. HKF1"]
[Site "West Bromwich ENG"]
[Date "2004.05.29"]
[Round "7.6"]
[White "Wilson, Jonathan G"]
[Black "Whitmore, Darren"]
[Result "1/2-1/2"]
[WhiteElo "2303"]
[BlackElo "1752"]
[PlyCount "129"]
[EventDate "2004.05.29"]

1. d4 d5 2. c4 c6 3. Nf3 Nf6 4. Qc2 e6 5. g3 Be7 6. Bg2 O-O 7. O-O Nbd7 8. Rd1
b6 9. Nc3 Bb7 10. cxd5 cxd5 11. Bf4 Rc8 12. Rac1 Ne4 13. Qa4 Nxc3 14. Rxc3 Rxc3
15. bxc3 a6 16. Nd2 b5 17. Qc2 Qa5 18. c4 Rc8 19. c5 Bf6 20. Nb3 Qa4 21. Qd2
Bd8 22. Bd6 Nf6 23. f3 a5 24. Re1 Qb4 25. Qxb4 axb4 26. Rc1 Bc6 27. Bf4 Ra8 28.
Rc2 Nd7 29. Bd2 Ra4 30. e4 Nf6 31. e5 Nd7 32. Nc1 Nb8 33. Rb2 Na6 34. Bf1 f6
35. f4 f5 36. Be2 Ba5 37. Bd1 Ra3 38. Bb3 Be8 39. Nd3 Bh5 40. Ne1 Be2 41. Nc2
Bd3 42. Bc1 Nb8 43. Kf2 Nc6 44. Ke3 Be4 45. h3 h5 46. Bd2 Kf7 47. Be1 Bxc2 48.
Rxc2 Ke8 49. Rg2 Bd8 50. Bd2 Kf7 51. Kd3 g6 52. Bc1 Ra8 53. Bd2 Bc7 54. Be1 Ba5
55. Rb2 Rg8 56. Bd1 Rb8 57. Bf2 Ra8 58. Be3 Bd8 59. Be2 Ra3+ 60. Kd2 Ra5 61.
Bf2 Ke8 62. Bd3 Kd7 63. Ke3 Ra3 64. Ke2 Ra5 65. Ke3 1/2-1/2

[Event "4NCL/Div3/AD2 vs. HKF1"]
[Site "West Bromwich ENG"]
[Date "2004.05.29"]
[Round "7.7"]
[White "Pohribnyj, Chris"]
[Black "Chipanga, Takaedza"]
[Result "1/2-1/2"]
[WhiteElo "1592"]
[BlackElo "2170"]
[PlyCount "51"]
[EventDate "2004.05.29"]

1. d4 Nf6 2. c4 e6 3. Nc3 Bb4 4. Nf3 c5 5. e3 O-O 6. Bd3 d5 7. O-O cxd4 8. exd4
dxc4 9. Bxc4 a6 10. a3 Be7 11. Re1 b5 12. Ba2 Bb7 13. Bg5 h6 14. Bh4 Bxf3 15.
Qxf3 Ra7 16. Rad1 Rd7 17. Bxf6 Bxf6 18. d5 exd5 19. Rxd5 Qa5 20. Red1 Rxd5 21.
Rxd5 Nc6 22. g3 Rd8 23. Rxd8+ Nxd8 24. Qd5 Bxc3 25. bxc3 Ne6 26. Qa8+ 1/2-1/2

[Event "4NCL/Div3/AD2 vs. HKF1"]
[Site "West Bromwich ENG"]
[Date "2004.05.29"]
[Round "7.8"]
[White "Summerscale, Claire E"]
[Black "McIntosh, Doreen"]
[Result "1-0"]
[WhiteElo "2036"]
[BlackElo "1304"]
[PlyCount "59"]
[EventDate "2004.05.29"]

1. d4 d5 2. Nc3 c6 3. e4 e6 4. Nf3 Be7 5. Be2 Nf6 6. exd5 Nxd5 7. Ne4 h6 8. c4
Nf6 9. Ng3 O-O 10. O-O Nbd7 11. b3 Re8 12. Bb2 Nf8 13. Ne5 N8h7 14. Qc2 Qc7 15.
Bh5 Nxh5 16. Nxh5 Nf6 17. Qe2 Nxh5 18. Qxh5 Bf6 19. f4 Re7 20. Ng4 Kh7 21. Rf3
e5 22. dxe5 Bxg4 23. Qxg4 Qb6+ 24. Kh1 Rae8 25. Raf1 Bxe5 26. fxe5 Qc7 27. Rg3
g6 28. Qf3 h5 29. Qf6 Rd8 30. e6 1-0

[Event "4NCL/Div3/WES2 vs. GUI3"]
[Site "West Bromwich ENG"]
[Date "2004.05.29"]
[Round "7.1"]
[White "Pye, David E"]
[Black "Cooksey, Paul S"]
[Result "0-1"]
[WhiteElo "2132"]
[BlackElo "2236"]
[PlyCount "104"]
[EventDate "2004.05.29"]

1. e4 c5 2. Nc3 Nc6 3. Bb5 Nd4 4. Nf3 g6 5. Nxd4 cxd4 6. Ne2 Bg7 7. O-O a6 8.
Bc4 d6 9. d3 e6 10. c3 dxc3 11. bxc3 Ne7 12. d4 O-O 13. Be3 d5 14. Bd3 dxe4 15.
Bxe4 Nd5 16. c4 Nxe3 17. fxe3 e5 18. Rb1 Rb8 19. dxe5 Qg5 20. Nf4 Qxe5 21. Qf3
Bg4 22. Qxg4 Qxe4 23. Qe2 Rbc8 24. Rbc1 Rfe8 25. Nd5 b5 26. Qf3 Qxf3 27. gxf3
bxc4 28. Rc2 Rc5 29. Rd1 f5 30. Kf2 Rb8 31. e4 Rb2 32. Ne3 Rxc2+ 33. Nxc2 fxe4
34. fxe4 Rh5 35. Kg2 Rh4 36. Re1 Be5 37. h3 Rh5 38. Re3 Kf7 39. Na3 Rg5+ 40.
Kf1 c3 41. Nc2 Ke6 42. Ne1 Bg7 43. a3 Rb5 44. Nc2 Rb2 45. Re2 Ke5 46. Nb4 Rxe2
47. Kxe2 a5 48. Nc6+ Kxe4 49. Nxa5 c2 50. Nb3 Bh6 51. a4 c1=N+ 52. Nxc1 Bxc1
0-1

[Event "4NCL/Div3/WES2 vs. GUI3"]
[Site "West Bromwich ENG"]
[Date "2004.05.29"]
[Round "7.2"]
[White "Punnett, Alan K"]
[Black "Rutter, Nicholas"]
[Result "0-1"]
[WhiteElo "2139"]
[BlackElo "2124"]
[PlyCount "70"]
[EventDate "2004.05.29"]

1. e4 c5 2. Nc3 e6 3. g3 d5 4. exd5 exd5 5. Bg2 Nf6 6. d3 d4 7. Ne4 Be7 8. Ne2
Nbd7 9. O-O O-O 10. Nf4 Nxe4 11. dxe4 Nb6 12. Qe2 Re8 13. Bd2 Bd7 14. Ba5 Bc6
15. Rfe1 Bd6 16. Qg4 Qd7 17. Qxd7 Nxd7 18. Nd5 Bxd5 19. exd5 Ne5 20. b3 c4 21.
Re4 b6 22. Be1 d3 23. cxd3 cxd3 24. Bd2 f5 25. Ree1 Rac8 26. Rac1 Rc2 27. Rxc2
dxc2 28. Kf1 Kf7 29. Re3 Bb4 30. Ke2 Bc5 31. Rc3 Nc4+ 32. Kd3 Nxd2 33. Kxd2 Bb4
34. Kxc2 Bxc3 35. Kxc3 Re2 0-1

[Event "4NCL/Div3/WES2 vs. GUI3"]
[Site "West Bromwich ENG"]
[Date "2004.05.29"]
[Round "7.3"]
[White "Clark, Ian C"]
[Black "Shepley, Julien M"]
[Result "0-1"]
[WhiteElo "2112"]
[BlackElo "2112"]
[PlyCount "104"]
[EventDate "2004.05.29"]

1. e4 d5 2. exd5 Qxd5 3. Nc3 Qd6 4. d4 a6 5. Nf3 Nf6 6. Be3 Nc6 7. Be2 Bf5 8.
O-O e6 9. a3 Be7 10. b4 Nd5 11. Nxd5 exd5 12. Re1 Qg6 13. Bf4 Bxc2 14. Qd2 Be4
15. Bxc7 O-O 16. Rad1 Bf6 17. Bg3 Rfe8 18. a4 Rad8 19. b5 axb5 20. axb5 Bxf3
21. bxc6 Bxe2 22. c7 Bxd1 23. cxd8=Q Rxd8 24. Qxd1 h5 25. Qa4 h4 26. Bc7 h3 27.
Bg3 hxg2 28. Kxg2 b6 29. Kh1 Qg4 30. Bc7 Bxd4 31. Qd1 Qxd1 32. Rxd1 Rd7 33.
Rxd4 Rxc7 34. Rxd5 Rb7 35. Rb5 Kf8 36. Kg2 Ke7 37. Kf3 Kd6 38. Rb2 b5 39. Ke4
b4 40. Kd4 b3 41. Kd3 Ke5 42. Ke3 Rb6 43. Kd3 Kf4 44. Ke2 Ke4 45. Kd2 Kf3 46.
Kd3 g5 47. Kd4 f5 48. h3 f4 49. Kd3 Kg2 50. Ke4 Kxh3 51. Kf3 Rb4 52. Rb1 g4+
0-1

[Event "4NCL/Div3/WES2 vs. GUI3"]
[Site "West Bromwich ENG"]
[Date "2004.05.29"]
[Round "7.4"]
[White "Hill, David F"]
[Black "Pleasants, Allan J"]
[Result "1/2-1/2"]
[WhiteElo "2049"]
[BlackElo "2107"]
[PlyCount "55"]
[EventDate "2004.05.29"]

1. Nf3 d5 2. d4 Nf6 3. c4 c6 4. e3 e6 5. Bd3 Be7 6. O-O Nbd7 7. b3 O-O 8. Bb2
b6 9. Nbd2 Bb7 10. Rc1 Rc8 11. e4 dxe4 12. Nxe4 Nxe4 13. Bxe4 Nf6 14. Bc2 Qc7
15. Qd3 Rfd8 16. Rfe1 Qf4 17. h3 Bd6 18. Rcd1 Qh6 19. Bc1 Bf4 20. Bxf4 Qxf4 21.
Qe3 Qxe3 22. Rxe3 c5 23. dxc5 Rxd1+ 24. Bxd1 Rd8 25. Bc2 bxc5 26. Kf1 Bxf3 27.
Rxf3 Rd2 28. Rc3 1/2-1/2

[Event "4NCL/Div3/WES2 vs. GUI3"]
[Site "West Bromwich ENG"]
[Date "2004.05.29"]
[Round "7.5"]
[White "Brameld, Arthur F"]
[Black "Smart, Michael R"]
[Result "1-0"]
[WhiteElo "2080"]
[BlackElo "1936"]
[PlyCount "79"]
[EventDate "2004.05.29"]

1. d4 Nf6 2. Nf3 d6 3. Nc3 g6 4. e4 Bg7 5. Bg5 c6 6. e5 dxe5 7. Nxe5 Be6 8. Be2
Nbd7 9. Nd3 Qa5 10. Qd2 h6 11. Be3 O-O-O 12. f3 Nb6 13. b4 Qh5 14. Nf4 Qg5 15.
Nxe6 Qxg2 16. Rg1 Qxh2 17. Nxd8 Rxd8 18. O-O-O Qd6 19. a3 g5 20. f4 Nfd5 21.
fxg5 Nxc3 22. Qxc3 Nd5 23. Qd3 Nxe3 24. Qxe3 hxg5 25. Bg4+ e6 26. Qxg5 Bxd4 27.
c3 f6 28. Qd2 c5 29. cxd4 cxd4 30. Bh3 Kb8 31. Kb1 e5 32. Qd3 Qd5 33. Bf5 a5
34. Rg7 Rg8 35. Rxg8+ Qxg8 36. Rc1 Qg7 37. Qe4 axb4 38. axb4 Qe7 39. Rc4 b5 40.
Rc5 1-0

[Event "4NCL/Div3/WES2 vs. GUI3"]
[Site "West Bromwich ENG"]
[Date "2004.05.29"]
[Round "7.6"]
[White "Campbell, Mark"]
[Black "Gregory, Keith D"]
[Result "1/2-1/2"]
[WhiteElo "1904"]
[BlackElo "2096"]
[PlyCount "104"]
[EventDate "2004.05.29"]

1. e4 g6 2. d4 d6 3. Nc3 c6 4. Nf3 Bg7 5. Be2 b5 6. O-O Bb7 7. Bf4 a6 8. e5
dxe5 9. dxe5 Qxd1 10. Rfxd1 Nd7 11. Ne4 g5 12. Nexg5 Nf8 13. c3 Rc8 14. a4 Nh6
15. axb5 cxb5 16. Nd4 Ng6 17. Bg3 Bxe5 18. Bf3 Bxf3 19. Ngxf3 Bxg3 20. hxg3 O-O
21. Rxa6 b4 22. cxb4 Rc4 23. Rb6 Rd8 24. b3 Rc3 25. Rb1 Rd3 26. Kf1 R3xd4 27.
Nxd4 Rxd4 28. Ke2 Nf5 29. Rd1 Re4+ 30. Kd3 Re5 31. Rd2 Nd6 32. Kc2 Kg7 33. Kb2
Re1 34. Ka3 Ne5 35. Rc2 Ra1+ 36. Kb2 Rg1 37. f3 Nd3+ 38. Kc3 Ne5 39. b5 Rd1 40.
Rd2 Rc1+ 41. Kb4 Rc8 42. f4 Nd7 43. Rc6 Rb8 44. Rd5 h6 45. Rc7 Nf6 46. Re5 e6
47. Rc6 Nc8 48. Ka5 Nd5 49. Ra6 Nc7 50. Rc6 Nd5 51. Ra6 Nc7 52. Rc6 Nd5 1/2-1/2

[Event "4NCL/Div3/WES2 vs. GUI3"]
[Site "West Bromwich ENG"]
[Date "2004.05.29"]
[Round "7.7"]
[White "Tunks, Dominic"]
[Black "Jones, H Trevor"]
[Result "1-0"]
[WhiteElo "2024"]
[BlackElo "1776"]
[PlyCount "101"]
[EventDate "2004.05.29"]

1. e4 c6 2. d4 d5 3. e5 Bf5 4. Nc3 e6 5. g4 Bg6 6. Nge2 h6 7. Be3 Nd7 8. Qd2
Qa5 9. O-O-O O-O-O 10. Kb1 Nb6 11. Nf4 Nc4 12. Bxc4 dxc4 13. Nxg6 fxg6 14. Qe2
b5 15. Ne4 Be7 16. h4 b4 17. Qxc4 Qd5 18. Qxd5 Rxd5 19. Ng3 c5 20. dxc5 Rxe5
21. c6 Bc5 22. Bxc5 Rxc5 23. Rd7 Nf6 24. Rxa7 Rd8 25. g5 hxg5 26. hxg5 Rxg5 27.
c7 Re8 28. Rh4 Rc5 29. Rxb4 Rxc7 30. Rxc7+ Kxc7 31. Rc4+ Kb6 32. a4 Nd5 33. c3
Rf8 34. Ne4 Rf4 35. Kc2 Nf6 36. Kd3 Nxe4 37. Rxe4 Rxf2 38. Rxe6+ Ka5 39. b4+
Kxa4 40. Rxg6 Rf7 41. Rg5 Kb3 42. Rc5 g5 43. b5 g4 44. b6 g3 45. Rb5+ Ka4 46.
Rb4+ Ka5 47. b7 Rf3+ 48. Kc2 Rf2+ 49. Kb3 g2 50. b8=Q g1=Q 51. Qa8# 1-0

[Event "4NCL/Div3/WES2 vs. GUI3"]
[Site "West Bromwich ENG"]
[Date "2004.05.29"]
[Round "7.8"]
[White "Morris, Claire H"]
[Black "Norman, Dinah"]
[Result "1/2-1/2"]
[WhiteElo "1616"]
[BlackElo "2022"]
[PlyCount "71"]
[EventDate "2004.05.29"]

1. e4 c6 2. d4 d5 3. exd5 cxd5 4. Bf4 Nf6 5. Nc3 a6 6. Bd3 Nc6 7. Nf3 Bg4 8.
Be2 e6 9. Ne5 Bxe2 10. Nxe2 Be7 11. Nc1 Qb6 12. Nb3 Rc8 13. c3 O-O 14. Qe2 Na5
15. Nc1 Nc4 16. Ncd3 Rfe8 17. O-O Na5 18. Rfe1 Nc4 19. Rab1 Nxe5 20. Nxe5 Bf8
21. Qf3 Be7 22. Re3 Qd8 23. Qe2 b5 24. Rh3 Qb6 25. Rd1 b4 26. cxb4 Qxb4 27. a3
Qa4 28. Rdd3 Qb5 29. g4 Ne4 30. g5 Nxg5 31. Bxg5 Bxg5 32. Qh5 h6 33. Qxf7+ Kh7
34. Qg6+ Kg8 35. Qf7+ Kh7 36. Qg6+ 1/2-1/2

[Event "4NCL/Div3/FCA vs. ATH"]
[Site "West Bromwich ENG"]
[Date "2004.05.29"]
[Round "7.1"]
[White "Macdonald-Ross, Michael"]
[Black "Spreeuw, Jaap"]
[Result "1/2-1/2"]
[WhiteElo "2198"]
[BlackElo "2306"]
[PlyCount "41"]
[EventDate "2004.05.29"]

1. d4 d5 2. c4 c6 3. Nf3 Nf6 4. cxd5 cxd5 5. Nc3 Nc6 6. e3 g6 7. Ne5 Bg7 8. Bb5
Bd7 9. O-O O-O 10. Be2 Rc8 11. Bd2 Be6 12. Nxc6 Rxc6 13. Qb3 b6 14. Rfc1 Ne4
15. Nxe4 dxe4 16. Qa4 Rxc1+ 17. Rxc1 Qb8 18. Ba6 Bd5 19. Bb4 Bf6 20. Ba3 Rd8
21. Bc4 1/2-1/2

[Event "4NCL/Div3/FCA vs. ATH"]
[Site "West Bromwich ENG"]
[Date "2004.05.29"]
[Round "7.2"]
[White "van Voorthuijsen, Pieter W"]
[Black "Freeman, Richard C P"]
[Result "1/2-1/2"]
[WhiteElo "2263"]
[BlackElo "2139"]
[PlyCount "38"]
[EventDate "2004.05.29"]

1. d4 g6 2. c4 Bg7 3. g3 d6 4. Bg2 c6 5. Nc3 Nd7 6. Nf3 e5 7. O-O Ne7 8. c5
dxc5 9. dxe5 Nxe5 10. Qxd8+ Kxd8 11. Rd1+ Kc7 12. Bf4 f6 13. Ne4 Nd5 14. Bxe5+
fxe5 15. Nxc5 b6 16. e4 Nb4 17. Nd3 Nxd3 18. Rxd3 Bg4 19. h3 Bxf3 1/2-1/2

[Event "4NCL/Div3/FCA vs. ATH"]
[Site "West Bromwich ENG"]
[Date "2004.05.29"]
[Round "7.3"]
[White "Smith, Graham M"]
[Black "Quinn, John M"]
[Result "1-0"]
[WhiteElo "2165"]
[BlackElo "2167"]
[PlyCount "65"]
[EventDate "2004.05.29"]

1. e4 c5 2. Nc3 e6 3. f4 Nc6 4. Nf3 a6 5. g3 b5 6. Bg2 Bb7 7. O-O Nge7 8. b3 d5
9. exd5 Nxd5 10. Nxd5 Qxd5 11. Bb2 Nd4 12. c4 bxc4 13. bxc4 Qxc4 14. Ne5 Ne2+
15. Kf2 Qb4 16. Bxb7 Qxb7 17. Qa4+ Kd8 18. Kxe2 f6 19. Qc6 Rb8 20. Qxb7 Rxb7
21. Nc4 h5 22. Bc3 h4 23. g4 h3 24. Rab1 Rd7 25. Rb8+ Ke7 26. Rfb1 Rh4 27. Ne3
f5 28. gxf5 Rxf4 29. Rf1 Rxf1 30. Kxf1 exf5 31. Nxf5+ Kf7 32. Rb6 g6 33. Rf6+
1-0

[Event "4NCL/Div3/FCA vs. ATH"]
[Site "West Bromwich ENG"]
[Date "2004.05.29"]
[Round "7.4"]
[White "Stevenson, James A B"]
[Black "Valentine, Brian J"]
[Result "1/2-1/2"]
[WhiteElo "2113"]
[BlackElo "2063"]
[PlyCount "60"]
[EventDate "2004.05.29"]

1. Nf3 d5 2. b3 Nf6 3. Bb2 Bf5 4. g3 c6 5. Bg2 e6 6. O-O Nbd7 7. d3 Be7 8. Nbd2
O-O 9. Qe1 Bb4 10. a3 Ba5 11. b4 Bc7 12. e4 dxe4 13. dxe4 Bg6 14. Qe2 e5 15.
Rfd1 Qe7 16. Nh4 Rfe8 17. Nc4 Nb6 18. Ne3 Na4 19. Nhf5 Qf8 20. Rab1 Nxb2 21.
Rxb2 Red8 22. c3 Rxd1+ 23. Qxd1 Rd8 24. Rd2 Rxd2 25. Qxd2 Qd8 26. Qxd8+ Bxd8
27. Nd6 b6 28. f3 Kf8 29. Bh3 Bc7 30. Ndf5 Bxf5 1/2-1/2

[Event "4NCL/Div3/FCA vs. ATH"]
[Site "West Bromwich ENG"]
[Date "2004.05.29"]
[Round "7.5"]
[White "Elwin, Adrian G"]
[Black "Gruettner, Ralf"]
[Result "1-0"]
[WhiteElo "2066"]
[BlackElo "2055"]
[PlyCount "111"]
[EventDate "2004.05.29"]

1. Nf3 g6 2. c4 Bg7 3. Nc3 d6 4. d4 Nf6 5. e4 O-O 6. Be2 e5 7. dxe5 dxe5 8.
Qxd8 Rxd8 9. Bg5 Re8 10. O-O-O h6 11. Bh4 g5 12. Bg3 Nfd7 13. h4 f6 14. hxg5
hxg5 15. Nh2 c6 16. Ng4 Nf8 17. Ne3 Ng6 18. Bh5 Kf7 19. Nf5 Bf8 20. f4 exf4 21.
Bxf4 gxf4 22. Nh4 Re5 23. Bxg6+ Kg7 24. Bf5 Re8 25. Ng6 Bc5 26. Rh4 Bf2 27. Rg4
Bxf5 28. exf5 Kf7 29. Nxf4 Be3+ 30. Kc2 Bxf4 31. Rxf4 Na6 32. a3 Rad8 33. Rh1
Rh8 34. Rfh4 Rxh4 35. Rxh4 Rg8 36. g4 Rg7 37. Ne4 Ke7 38. b4 Nb8 39. g5 fxg5
40. f6+ Kf7 41. Rg4 Rg8 42. Nxg5+ Kxf6 43. Ne4+ Kf7 44. Nd6+ Kf8 45. Rxg8+ Kxg8
46. Nxb7 Kf7 47. Kd3 Ke7 48. Nc5 Kd6 49. Kd4 Kc7 50. Ke5 Kb6 51. Kd6 a6 52.
Nd7+ Nxd7 53. Kxd7 c5 54. Kd6 cxb4 55. axb4 Kb7 56. c5 1-0

[Event "4NCL/Div3/FCA vs. ATH"]
[Site "West Bromwich ENG"]
[Date "2004.05.29"]
[Round "7.6"]
[White "McKeown, Paul"]
[Black "Kendall, Paul S W"]
[Result "0-1"]
[WhiteElo "2050"]
[BlackElo "1944"]
[PlyCount "50"]
[EventDate "2004.05.29"]

1. d4 Nf6 2. c4 e6 3. Nc3 Bb4 4. Qc2 c5 5. dxc5 O-O 6. Bg5 Bxc5 7. e3 h6 8. h4
Be7 9. Nf3 Nc6 10. O-O-O Qa5 11. a3 Ng4 12. Bxe7 Nxe7 13. Bd3 f5 14. Nb5 d5 15.
cxd5 Nxd5 16. Kb1 Bd7 17. Nfd4 Rac8 18. Qe2 Qb6 19. e4 Nf4 20. Qe1 Nxd3 21.
Rxd3 Bxb5 22. Nxb5 Qxb5 23. Rg3 Rfd8 24. Rf3 Ne5 25. Re3 Nc4 0-1

[Event "4NCL/Div3/FCA vs. ATH"]
[Site "West Bromwich ENG"]
[Date "2004.05.29"]
[Round "7.7"]
[White "Constantinou, Peter"]
[Black "Gostelow, David W"]
[Result "1/2-1/2"]
[WhiteElo "1808"]
[BlackElo "1976"]
[PlyCount "78"]
[EventDate "2004.05.29"]

1. Nf3 d5 2. c4 c6 3. d4 Nf6 4. Nc3 e6 5. cxd5 exd5 6. Bg5 h6 7. Bh4 Bd6 8. e3
Bf5 9. Bd3 Bxd3 10. Qxd3 O-O 11. O-O-O Nbd7 12. g4 g5 13. Bg3 Bxg3 14. hxg3
Nxg4 15. Qf5 Ndf6 16. Ne5 Qc8 17. Qc2 Kg7 18. Rde1 Qe6 19. Nd3 Ne4 20. f3 Nxc3
21. Qxc3 Nf6 22. Nc5 Qc8 23. e4 b6 24. e5 Nd7 25. Nb3 Re8 26. Kb1 Nf8 {=} 27.
f4 Qf5+ 28. Ka1 Ng6 29. Qxc6 gxf4 30. gxf4 Rac8 31. Qxd5 Rc2 32. Qe4 Qxe4 33.
Rxe4 Rf2 34. Rg1 Rc8 35. e6 f5 36. Re5 Kf6 37. Ree1 Nxf4 38. Rh1 h5 39. d5 Nxd5
1/2-1/2

[Event "4NCL/Div3/SLO2 vs. WES2"]
[Site "West Bromwich ENG"]
[Date "2004.05.30"]
[Round "8.1"]
[White "Jakubiec, Artur"]
[Black "Clark, Ian C"]
[Result "1-0"]
[WhiteElo "2532"]
[BlackElo "2112"]
[PlyCount "45"]
[EventDate "2004.05.30"]

1. f4 d5 2. Nf3 c5 3. g3 Nc6 4. Bg2 Nf6 5. O-O g6 6. d3 Bg7 7. Na3 O-O 8. Qe1
e5 9. fxe5 Ng4 10. Bg5 Qb6 11. Rb1 Be6 12. c4 dxc4 13. Nxc4 Bxc4 14. dxc4 Rae8
15. Kh1 Ngxe5 16. Nxe5 Nxe5 17. Bd5 Nd3 18. Qd2 Nb4 19. Bxf7+ Rxf7 20. Rxf7 Qe6
21. Rbf1 Qe4+ 22. R1f3 Bd4 23. Bh6 1-0

[Event "4NCL/Div3/SLO2 vs. WES2"]
[Site "West Bromwich ENG"]
[Date "2004.05.30"]
[Round "8.2"]
[White "Rutter, Nicholas"]
[Black "Adly, Ahmed"]
[Result "0-1"]
[WhiteElo "2124"]
[BlackElo "2490"]
[PlyCount "86"]
[EventDate "2004.05.30"]

1. e4 c5 2. Nf3 d6 3. d4 cxd4 4. Nxd4 Nf6 5. Nc3 a6 6. Bg5 e6 7. f4 Bd7 8. Qf3
Nc6 9. O-O-O Nxd4 10. Rxd4 Bc6 11. f5 Qa5 12. Bxf6 gxf6 13. Rd1 Qe5 14. Bc4 Rc8
15. Rhe1 b5 16. Bd5 Bd7 17. Kb1 Be7 18. Bb3 a5 19. a4 bxa4 20. Bxa4 Rc4 21. Bb3
Rb4 22. Nd5 exd5 23. Rxd5 Qxh2 24. Rxa5 Rb8 25. e5 Qh4 26. Rd1 fxe5 27. Ra7 Rd8
28. Qd5 O-O 29. g4 Qxg4 30. Qh1 Kh8 31. Rf1 Bg5 32. f6 Qh3 33. Qg1 Rg8 34. Ra3
Be3 35. Qh1 Qxh1 36. Rxh1 Rg1+ 37. Rxg1 Bxg1 38. Bd5 Be6 39. Bxe6 fxe6 40. Rg3
Bf2 41. Rf3 Bc5 42. c3 e4 43. Rf4 d5 0-1

[Event "4NCL/Div3/SLO2 vs. WES2"]
[Site "West Bromwich ENG"]
[Date "2004.05.30"]
[Round "8.3"]
[White "Jones, Gawain C B"]
[Black "Pye, David E"]
[Result "1-0"]
[WhiteElo "2405"]
[BlackElo "2132"]
[PlyCount "115"]
[EventDate "2004.05.30"]

1. e4 e6 2. d3 d5 3. Qe2 Ne7 4. Nf3 c5 5. g3 Nbc6 6. Bg2 g6 7. h4 Bg7 8. h5
dxe4 9. dxe4 e5 10. c3 Bg4 11. Be3 b6 12. Nbd2 Qc7 13. h6 Bf6 14. a4 O-O 15.
Nf1 Rad8 16. N1h2 Be6 17. Ng5 Bxg5 18. Bxg5 f6 19. Be3 Na5 20. f4 Qd7 21. O-O
Bc4 22. Qf3 Bxf1 23. Bxf1 c4 24. Ng4 Qe6 25. Bh3 Nec6 26. f5 gxf5 27. exf5 Qf7
28. Nf2 Kh8 29. Ne4 Rg8 30. Bf1 Ne7 31. Bf2 Nc8 32. Rd1 Rxd1 33. Qxd1 Qe7 34.
g4 Rd8 35. Qf3 Nd6 36. Ng3 Qb7 37. Qxb7 Naxb7 38. Nh5 Ne4 39. Bh4 Ng5 40. Bxg5
fxg5 41. Bxc4 Nd6 42. Bb3 Rf8 43. Kf2 Ne4+ 44. Ke3 {=} 44... Nf6 45. Nxf6 Rxf6
46. Ke4 Rxh6 47. Kxe5 Kg7 48. Bd5 Rh2 49. f6+ Kf8 50. b4 h5 51. gxh5 Rxh5 52.
c4 Rh2 53. c5 bxc5 54. bxc5 g4 55. c6 Ke8 56. Kd6 g3 57. c7 Rc2 58. Bc6+ 1-0